| 000 | 01416nam a2200277 a 4500 | ||
|---|---|---|---|
| 001 | 000022373 | ||
| 005 | 20211119100116.0 | ||
| 008 | 101006s2005 dr ao g n 001 0 spa d | ||
| 020 | _a9993479586 | ||
| 040 |
_aDO-SdBNP _bspa _cBNPHU |
||
| 082 |
_a972.9368 _bC345y, 2005 |
||
| 100 | 1 |
_aCassó, Antonio de Jesús, _d1928- _927238 |
|
| 245 | 1 | 0 |
_aYuna y Pueblo Viejo / _cAntonio Cassó ; prólogo Julio Tejeda. |
| 260 |
_aSanto Domingo : _bBúho, _c2005. |
||
| 300 |
_a201 p. : _bil., retrs. ; _c23 cm. |
||
| 500 | _aIncluye datos biográficos del autor en la solapa de la cubierta. | ||
| 505 | 0 |
_aPrólogo de la segunda edición / _rJulio Tejeda -- _tYuna y Pueblo Viejo -- _tCanto al Yuna -- _tLos primeros recuerdos -- _tDécada de los años 1940 -- _tLa década del 1950 -- _tCasos médicos -- _tLa década de 1960 -- _tLa década de 1970 -- _tDe las décadas de los años 1980 y 1990 -- _tAspiración máxima. |
|
| 650 | 4 |
_aCiudades y pueblos _xHistoria _zRepública Dominicana _912424 |
|
| 651 | 4 |
_aSánchez Ramírez (República Dominicana{Rpara} _xVida Social Y Costumbres _944121 |
|
| 651 | 0 |
_aCotuí (República Dominicana) _98423 |
|
| 651 | 4 |
_aSánchez Ramírez (República Dominicana{Rpara} _xHistoria Local _944120 |
|
| 651 | 4 |
_aRepública Dominicana _xHistoria _xAnécdotas, Chistes, Sátiras, Etc. _944122 |
|
| 700 | 1 |
_aTejeda, Julio, _epról. _944123 |
|
| 910 | _aValidado. Control de calidad EMS | ||
| 049 | _aBNPD | ||
| 999 |
_c21871 _d21871 |
||